• 首页
  • 本馆介绍
  • 公告通知
  • 最新文献
  • 馆藏检索
  • 电子资源
  • 读者导购
  • 参考咨询
  • 我的图书馆
  • 登录
  • 详细信息显示
  • 放入我的书架
  • 预约/预借图书
  • 作者相关作品
  • 分类相关作品
  • 丛书相关作品
  • 出版社相关作品

书目信息

  • 表格格式
  • 工作单格式
  • 卡片格式
题名:
实验误差估计与数据处理
    
 
作者: 肖明耀 编著
分册:  
出版信息: 北京   科学出版社  1980
页数: 242页
开本: 19cm
丛书名:
单 册:
中图分类: O241.1
科图分类:
主题词: 误差估计 , 数据处理
电子资源:
ISBN:
000 00663nam0 2200241 45
001 0180005585
005 20060818104527.26
010    @dCNY1.00
091    @a13031.1223
100    @a19950510d1980 em y0chiy0121 ea
101 0  @achi
102    @aCN@b110000
105    @ay z 000yy
200 10 @a实验误差估计与数据处理@Ashi yan wu cha gu ji yu shu ju chu li@f肖明耀编著@Fxiao ming yao bian zhu
210    @a北京@c科学出版社@d1980
215    @a242页@d19cm
606    @a误差估计
606    @a数据处理
690    @aO241.1@v3
701  0 @a肖明耀@Axiao ming yao@4编著
801  0 @aCN@b上海图书馆@c20060818
801  2 @aCN@bNLC@c20060811
905    @dO241.1@e34
    
    实验误差估计与数据处理/肖明耀编著.-北京:科学出版社,1980
    242页;19cm
    
    
    ISBN :CNY1.00
    
●
相关链接 在E读中查询图书 在五车中查询图书 在当当中查询图书 在豆瓣中查询图书


正题名:实验误差估计与数据处理     索取号:O241.1/34         预约/预借

序号 登录号 条形码 馆藏地/架位号 状态 备注
1 0132061   001944579   第三借阅区/ [索取号:O241.1/34] 在馆    
2 0132062   001442718   密集书库/ [索取号:O241.1/34] 在馆    
3 0132063   202089550   第二样本阅览室/ [索取号:O241.1/34] 在馆    
4 0420102   204201023   密集书库/ [索取号:O241.1/34] 在馆    
5 0442500   204425005   密集书库/ [索取号:O241.1/34] 在馆    
6 0454089   204540899   密集书库/ [索取号:O241.1/34] 在馆    
7 0468641   204686410   密集书库/ [索取号:O241.1/34] 在馆    
唐山师范学院图书馆 欢迎您!
大连网信软件有限公司© 版权所有